| 000 | 01808nam a2200409 a 4500 | ||
|---|---|---|---|
| 001 | 00003863 | ||
| 003 | DO-SdBNP | ||
| 005 | 20180306090327.0 | ||
| 007 | 00003863 | ||
| 008 | 110712s2013 dr ac 000 0 spa d | ||
| 020 | _a994549533X | ||
| 040 |
_aBPMSU _bspa _cBPMSU |
||
| 082 | 0 | 4 |
_a372.6561 _bB862L 3ro. 2013 |
| 100 | 1 | _aBrito, Ilda | |
| 245 | 1 | 0 |
_aLengua española 3 : _b[educación básica] / _cIlda Brito, Karolyn Guzmán ; producción editorial María del Jesús de la Rosa ; ilustración Ramón Sandoval |
| 260 |
_aSanto Domingo : _bActualidad Escolar 2000, _c2013. |
||
| 300 |
_a2v. : _bil., retrs. ; _c28 cm. |
||
| 500 | _aEdición revisada y actualizada al 2013 | ||
| 500 | _aEdición revisada y actualizada al 2013 | ||
| 500 | _aEl texto original fue elaborado por Fiume Gómez | ||
| 500 | _aIncluye libro del maestro | ||
| 504 | _aBibliografía : p. 176 | ||
| 505 | 0 |
_gUnidad 1 -- _tConozco mi entorno -- _gUnidad 2 -- _tValoro mi tiempo -- _gUnidad 3 -- _tEl camello cojito -- _gUnidad 4 -- _tSombra, sombrita -- _gUnidad 5 -- _tYan y Yon -- _gUnidad 6 -- _tEl cuervo y el zorro -- _gUnidad 7 -- _tLa granja de la abuela -- _gUnidad 8 -- _tEl murciélago -- _gUnidad 9 -- _tEl flautista de Hamelin -- |
|
| 650 | 4 |
_aESPAÑOL _xENSEÑANZA BÁSICA |
|
| 650 | 4 |
_aEDUCACIÓN PRIMARIA _zREPÚBLICA DOMINICANA |
|
| 650 | 4 |
_aESPAÑOL _xEDUCACIÓN PRIMARIA |
|
| 650 | 4 |
_aESPAÑOL _xLIBROS DE TEXTOS |
|
| 650 | 4 |
_aESPAÑOL _xESTUDIOS Y EJERCICIOS |
|
| 700 | 1 | _aGuzmán, Karolyn. | |
| 700 | 1 |
_aRosa, María del Jesús de la, _eed. |
|
| 700 | 1 |
_aSandoval, Ramón, _eil. |
|
| 700 | 1 |
_aGómez, Fiume. _tLengua española 3 |
|
| 910 | _aValidado. Control de calidad MFF | ||
| 942 |
_2ddc _cBK |
||
| 945 | _aRemanejado para la BNPHU / 2018 VM | ||
| 956 |
_aLOPEREZ _b10 _cBPMSU _l20160414 _h00041 |
||
| 999 |
_c9772 _d9772 |
||